Logo BPK

Biblioteka

Politechniki Koszalińskiej

Renaturalizacja ekosystemów wodno-torfowiskowych na Pojezierzu Łęczyńsko-Włodawskim : (Rekord nr 31900)

Szczegóły MARC
000 -ETYKIETA REKORDU
podpole kontrolne o stałej długości 01115nam a2200265 i 4500
001 - NUMER KONTROLNY REKORDU
pole kontrolne bg
020 ## - MIĘDZYNARODOWY ZNORMALIZOWANY NUMER KSIĄŻKI - ISBN
ISBN 8322709110
040 ## - ŹRÓDŁO KATALOGOWANIA
Instytucja, która utworzyła rekord BPK
041 0# - KOD JĘZYKA
Kod języka tekstu pl
Kod języka streszczenia lub abstraktu en
080 ## - UNIWERSALNA KLASYFIKACJA DZIESIĘTNA - UKD
UKD 504.7+556.5:574.5](438)
920 ## - Międzynarodowy znormalizowany numer książki – ISBN
ISBN 83-227-0911-0
008 - POLE O STAŁEJ DŁUGOŚCI - DANE KONTROLNE
podpole kontrolne o stałej długości s pl f |000 0 pol
245 00 - TYTUŁ/ODPOWIEDZIALNOŚĆ
Tytuł Renaturalizacja ekosystemów wodno-torfowiskowych na Pojezierzu Łęczyńsko-Włodawskim :
Ciąg dalszy tytułu praca zbiorowa /
Pozostałe elementy strefy tytułu i oznaczenia odpowiedzialności pod red. Tadeusza J[ana] Chmielewskiego, Mariana Harasimiuka, Stanisława Radwana ; Wojewoda Lubelski, Lubelska Fundacja Ochrony Środowiska Naturalnego, Uniwersytet Marii Curie-Skłodowskiej.
260 ## - STREFA ADRESU WYDAWNICZEGO
Miejsce wydania Lublin :
Nazwa wydawcy/dystrybutora Wydaw. UMCS,
Data publikacji, dystrybucji/powstania dokumentu 1996.
300 ## - STREFA OPISU FIZYCZNEGO
Objętość 134, [10] s. fot. kolor. :
Inne cechy fizyczne mapy, wykr. ;
Rozmiary 24 cm.
504 ## - UWAGA DOTYCZĄCA BIBLIOGRAFII
Informacje o bibliografii Bibliogr. przy rozdz.- Summ.
650 #9 - HASŁO PRZEDMIOTOWE W FORMIE NAZWY OGÓLNEJ LUB JEDNOSTKOWEJ
Nazwa ogólna lub geograficzna Jeziora
Określnik ogólny ekologia
Określnik geograficzny Polska
650 #9 - HASŁO PRZEDMIOTOWE W FORMIE NAZWY OGÓLNEJ LUB JEDNOSTKOWEJ
Nazwa ogólna lub geograficzna Torfowisko
Określnik ogólny ekologia
Określnik geograficzny Polska
651 #9 - HASŁO PRZEDMIOTOWE W FORMIE NAZWY GEOGRAFICZNEJ
Nazwa geograficzna Łęczyńsko-Włodawska, Równina
Określnik ogólny fauna i flora
651 #9 - HASŁO PRZEDMIOTOWE W FORMIE NAZWY GEOGRAFICZNEJ
Nazwa geograficzna Łęczyńsko-Włodawska, Równina
Określnik ogólny hydrologia
700 1# - HASŁO DODATKOWE - NAZWA OSOBOWA
Nazwa osobowa CHMIELEWSKI, Tadeusz Jan.
Daty związane z nazwą (1950- ).
Określenie związku między hasłem a opisywanym materiałem Red.
700 1# - HASŁO DODATKOWE - NAZWA OSOBOWA
Nazwa osobowa HARASIMIUK, Marian.
Określenie związku między hasłem a opisywanym materiałem Red.
700 1# - HASŁO DODATKOWE - NAZWA OSOBOWA
Nazwa osobowa RADWAN, Stanisław.
Określenie związku między hasłem a opisywanym materiałem Red.
856 ## - LOKALIZACJA I DOSTĘP DO ELEKTRONICZNYCH DOKUMENTÓW ZDALNYCH
Link (URL) http://koha.tu.koszalin.pl/cgi-bin/koha/opac-detail.pl?biblionumber=31900
Tekst linku Katalog online BPK
942 ## - DODATKOWE ELEMENTY (KOHA)
Typ dokumentu Książka
Egzemplarze
Wycofany Status egzemplarza Uszkodzony Dostępność Lokalizacja stała Lokalizacja bieżąca Miejsce przechowywania Sygnatura Kod kreskowy Typ dokumentu
      Dostępny Biblioteka Politechniki Koszalińskiej Biblioteka Politechniki Koszalińskiej Wypożyczalnia BG 39842 01255294 Książka
© 2023 Biblioteka Politechniki Koszalińskiej :: KOHA